[Event "Jack Taylor mem."]
[Site "Victoria CAN"]
[Date "2017.11.18"]
[Round "2"]
[White "Moore, Harry"]
[Black "James, Rowan"]
[Result "1-0"]
[WhiteElo "2205"]
[BlackElo "1884"]
[WhiteFideId "-1"]
[WhiteFideId "-1"]
[PlyCount "67"]
[GameId "2160767908300658"]
[EventDate "2017.11.17"]
[EventType "swiss"]
[EventRounds "5"]
[EventCountry "CAN"]
[SourceTitle "EXT 2022"]
[Source "ChessBase"]
[SourceDate "2021.10.06"]
[SourceVersion "1"]
[SourceVersionDate "2021.10.06"]
[SourceQuality "1"]

1. Nf3 d5 2. g3 Nf6 3. Bg2 c5 4. O-O e6 5. c4 Nc6 6. d4 dxc4 7. Qa4 Bd7 8. Qxc4 cxd4 9. Nxd4 Nxd4 10. Qxd4 Bc6 11. Bxc6+ bxc6 12. Qa4 Qb6 13. Be3 Qb5 14. Nc3 Qxa4 15. Nxa4 Ng4 16. Bd4 e5 17. Bc3 Bd6 18. Rac1 c5 19. Bd2 Rc8 20. b4 c4 21. Nb2 O-O 22. Nxc4 Bb8 23. b5 Rfd8 24. Ba5 Re8 25. Bb4 e4 26. Nd6 Bxd6 27. Bxd6 e3 28. f3 Nf6 29. Rc5 Nd7 30. Rc6 Nb8 31. Bxb8 Rxc6 32. bxc6 Rxb8 33. c7 Rc8 34. Rd1 1-0

[Event "Jack Taylor mem."]
[Site "Victoria CAN"]
[Date "2017.11.18"]
[Round "2"]
[White "Murray, Mike"]
[Black "Ghandi, Houshyar"]
[Result "1/2-1/2"]
[WhiteElo "2106"]
[BlackElo "1782"]
[WhiteFideId "-1"]
[WhiteFideId "-1"]
[PlyCount "80"]
[GameId "2160767908300659"]
[EventDate "2017.11.17"]
[EventType "swiss"]
[EventRounds "5"]
[EventCountry "CAN"]
[SourceTitle "EXT 2022"]
[Source "ChessBase"]
[SourceDate "2021.10.06"]
[SourceVersion "1"]
[SourceVersionDate "2021.10.06"]
[SourceQuality "1"]

1. e4 c5 2. Nc3 Nc6 3. g3 d6 4. d3 Nf6 5. Bg2 Bg4 6. f3 Bd7 7. Be3 e6 8. f4 Be7 9. Nh3 Rb8 10. a4 a6 11. O-O O-O 12. g4 b5 13. axb5 axb5 14. g5 Ne8 15. Ne2 Ra8 16. Rxa8 Qxa8 17. Ng3 Qa2 18. Bc1 Nd4 19. f5 exf5 20. Nxf5 Nxf5 21. exf5 Bd8 22. b3 Qa1 23. Qf3 Qe5 24. Kh1 Bc7 25. Qd5 Qxd5 26. Bxd5 g6 27. fxg6 hxg6 28. Nf4 Bf5 29. Bb2 Ng7 30. Re1 Re8 31. Rxe8+ Nxe8 32. Bc6 Ng7 33. Nd5 Bd8 34. Nf6+ Kf8 35. Bxb5 Ne6 36. h4 Nd4 37. Bxd4 cxd4 38. Nd5 Bg4 39. c4 dxc3 40. Nxc3 f6 1/2-1/2

[Event "Jack Taylor mem."]
[Site "Victoria CAN"]
[Date "2017.11.18"]
[Round "2"]
[White "O'Brien, Frank"]
[Black "Schnabel, Bennett"]
[Result "1-0"]
[WhiteElo "1777"]
[BlackElo "2110"]
[WhiteFideId "-1"]
[WhiteFideId "-1"]
[PlyCount "121"]
[GameId "2160767908300660"]
[EventDate "2017.11.17"]
[EventType "swiss"]
[EventRounds "5"]
[EventCountry "CAN"]
[SourceTitle "EXT 2022"]
[Source "ChessBase"]
[SourceDate "2021.10.06"]
[SourceVersion "1"]
[SourceVersionDate "2021.10.06"]
[SourceQuality "1"]

1. d4 f5 2. e4 fxe4 3. Nc3 Nf6 4. Bg5 g6 5. Bxf6 exf6 6. Nxe4 d5 7. Nd2 Nc6 8. Ngf3 Bf5 9. c3 Qd7 10. Bb5 O-O-O 11. O-O g5 12. Qa4 a6 13. Bxc6 Qxc6 14. Qxc6 bxc6 15. Nb3 h5 16. Nc5 h4 17. Nd2 Bh6 18. Rfe1 Rde8 19. Kf1 g4 20. Ndb3 Bf4 21. Rxe8+ Rxe8 22. g3 Bd6 23. Re1 Rxe1+ 24. Kxe1 hxg3 25. hxg3 Bb1 26. a3 Ba2 27. Kd2 Bf8 28. Kc2 Bh6 29. Nxa6 f5 30. Nac5 Bxb3+ 31. Nxb3 Kb7 32. Nc5+ Kb6 33. a4 f4 34. Kd3 fxg3 35. fxg3 Bg5 36. b4 Be7 37. Ke3 Bg5+ 38. Ke2 Be7 39. Nd7+ Ka6 40. Kf2 Bg5 41. Ke2 Be7 42. Ne5 Bd6 43. Kf2 c5 44. bxc5 Bf8 45. Nxg4 Ka5 46. Ke2 Kxa4 47. Kd3 Kb5 48. Ne5 Be7 49. g4 Bf6 50. Nf7 Kc6 51. g5 Bg7 52. Ke3 Kd7 53. Kf4 Ke6 54. Ne5 Bh8 55. Nd3 Bg7 56. Nb4 Bf8 57. Na6 Kd7 58. Kf5 Kc6 59. Kf6 Kb5 60. Nxc7+ Kc4 61. Ne6 1-0

[Event "Jack Taylor mem."]
[Site "Victoria CAN"]
[Date "2017.11.18"]
[Round "3"]
[White "Huang, Patrick"]
[Black "Williamson, Jason"]
[Result "1-0"]
[WhiteElo "2067"]
[BlackElo "1910"]
[WhiteFideId "-1"]
[WhiteFideId "-1"]
[PlyCount "53"]
[GameId "2160767908300661"]
[EventDate "2017.11.17"]
[EventType "swiss"]
[EventRounds "5"]
[EventCountry "CAN"]
[SourceTitle "EXT 2022"]
[Source "ChessBase"]
[SourceDate "2021.10.06"]
[SourceVersion "1"]
[SourceVersionDate "2021.10.06"]
[SourceQuality "1"]

1. e4 c5 2. Nf3 Nc6 3. Nc3 Nf6 4. Bb5 a6 5. Bxc6 dxc6 6. d3 Bg4 7. h3 Bxf3 8. Qxf3 e6 9. Bg5 Be7 10. e5 Nd5 11. Bxe7 Qxe7 12. Ne4 O-O 13. O-O Rad8 14. Qg3 Kh8 15. c3 f6 16. f4 f5 17. Nd6 b6 18. Qf3 Rd7 19. c4 Nb4 20. Rf2 g5 21. a3 g4 22. hxg4 fxg4 23. Qg3 Nxd3 24. Qxd3 h5 25. g3 h4 26. Rh2 h3 27. Qg6 1-0

[Event "Jack Taylor mem."]
[Site "Victoria CAN"]
[Date "2017.11.18"]
[Round "3"]
[White "Kenney, Jason"]
[Black "McLaren, Brian"]
[Result "1/2-1/2"]
[WhiteElo "2233"]
[BlackElo "2148"]
[WhiteFideId "-1"]
[WhiteFideId "-1"]
[PlyCount "107"]
[GameId "2160767908300662"]
[EventDate "2017.11.17"]
[EventType "swiss"]
[EventRounds "5"]
[EventCountry "CAN"]
[SourceTitle "EXT 2022"]
[Source "ChessBase"]
[SourceDate "2021.10.06"]
[SourceVersion "1"]
[SourceVersionDate "2021.10.06"]
[SourceQuality "1"]

1. d4 f5 2. g3 Nf6 3. Bg2 e6 4. Nf3 d5 5. O-O Bd6 6. c4 c6 7. b3 Qe7 8. Bb2 O-O 9. Qc1 Nbd7 10. Ba3 Ne4 11. Bxd6 Nxd6 12. e3 Nf6 13. Ne5 Bd7 14. Nd2 Be8 15. c5 Nf7 16. Ndf3 Nd7 17. Nxd7 Bxd7 18. Qc3 Rae8 19. Ne5 Nxe5 20. dxe5 g5 21. f4 h6 22. Qa5 a6 23. Rad1 Qg7 24. Qc7 Bc8 25. Qxg7+ Kxg7 26. Rd4 Re7 27. Rb4 Rc7 28. Kf2 Bd7 29. fxg5 hxg5 30. h4 gxh4 31. Rxh4 Rh8 32. Rxh8 Kxh8 33. Rh1+ Kg7 34. Kf3 Be8 35. Kf4 Rd7 36. Bf3 Bf7 37. g4 fxg4 38. Bxg4 Rd8 39. Rg1 Kf8 40. Bf3 Ke7 41. Rg7 Rh8 42. Kg3 Rh6 43. Kf2 Kf8 44. Rg4 Bg6 45. Rf4+ Bf5 46. Bg4 Rh2+ 47. Kf3 Rxa2 48. Bxf5 exf5 49. Rxf5+ Ke7 50. Rh5 Ra1 51. Rh7+ Ke6 52. Rxb7 Rb1 53. Rb6 Kxe5 54. b4 1/2-1/2

[Event "Jack Taylor mem."]
[Site "Victoria CAN"]
[Date "2017.11.18"]
[Round "3"]
[White "O'Brien, Frank"]
[Black "Moore, Harry"]
[Result "0-1"]
[WhiteElo "1777"]
[BlackElo "2205"]
[WhiteFideId "-1"]
[WhiteFideId "-1"]
[PlyCount "90"]
[GameId "2160767908300663"]
[EventDate "2017.11.17"]
[EventType "swiss"]
[EventRounds "5"]
[EventCountry "CAN"]
[SourceTitle "EXT 2022"]
[Source "ChessBase"]
[SourceDate "2021.10.06"]
[SourceVersion "1"]
[SourceVersionDate "2021.10.06"]
[SourceQuality "1"]

1. d4 e6 2. c4 b6 3. Nf3 Nf6 4. g3 Ba6 5. Bg2 Bxc4 6. Nc3 Bb4 7. O-O Bxc3 8. bxc3 O-O 9. Re1 Bd5 10. Bg5 Be4 11. Qc1 h6 12. Bf4 d6 13. Qe3 Nbd7 14. h4 Bd5 15. Bh3 Bc4 16. Qc1 Qe7 17. Nd2 Ba6 18. Bg2 Rae8 19. Qa3 Nb8 20. e4 e5 21. Be3 Ng4 22. Rac1 Nxe3 23. Rxe3 c5 24. Nb3 Bc4 25. Nd2 Be6 26. d5 Bc8 27. Bf1 f5 28. exf5 Bxf5 29. Bb5 Rd8 30. f4 Qf7 31. Rf1 Bh3 32. Rf2 Kh8 33. Qb3 Qg6 34. Bd3 Bf5 35. Bf1 Bc2 36. Qb2 exf4 37. Ref3 Bd1 38. Be2 Bxe2 39. Rxe2 fxg3 40. Kg2 Qg4 41. Qb5 Rxf3 42. Nxf3 Rf8 43. Qd3 Nd7 44. Qc2 Nf6 45. Qd3 Nh5 0-1

[Event "Jack Taylor mem."]
[Site "Victoria CAN"]
[Date "2017.11.18"]
[Round "3"]
[White "Schnabel, Bennett"]
[Black "Machado de Oliveira, Nicolau"]
[Result "1-0"]
[WhiteElo "2110"]
[BlackElo "1738"]
[WhiteFideId "-1"]
[WhiteFideId "-1"]
[PlyCount "31"]
[GameId "2160767908300664"]
[EventDate "2017.11.17"]
[EventType "swiss"]
[EventRounds "5"]
[EventCountry "CAN"]
[SourceTitle "EXT 2022"]
[Source "ChessBase"]
[SourceDate "2021.10.06"]
[SourceVersion "1"]
[SourceVersionDate "2021.10.06"]
[SourceQuality "1"]

1. e4 e5 2. Nf3 Nf6 3. Nxe5 Nxe4 4. Qe2 Qe7 5. Qxe4 d6 6. d4 dxe5 7. dxe5 Nc6 8. Bb5 Bd7 9. O-O O-O-O 10. Nc3 Re8 11. Bf4 f5 12. Qe3 Kb8 13. Rad1 h6 14. Qd3 Nxe5 15. Bxe5 Bxb5 16. Nxb5 1-0

[Event "Jack Taylor mem."]
[Site "Victoria CAN"]
[Date "2017.11.18"]
[Round "3"]
[White "Tate, Bill"]
[Black "Murray, Mike"]
[Result "1-0"]
[WhiteElo "1784"]
[BlackElo "2106"]
[WhiteFideId "-1"]
[WhiteFideId "-1"]
[PlyCount "52"]
[GameId "2160767908300665"]
[EventDate "2017.11.17"]
[EventType "swiss"]
[EventRounds "5"]
[EventCountry "CAN"]
[SourceTitle "EXT 2022"]
[Source "ChessBase"]
[SourceDate "2021.10.06"]
[SourceVersion "1"]
[SourceVersionDate "2021.10.06"]
[SourceQuality "1"]

1. d4 Nc6 2. Nf3 d5 3. e3 Bf5 4. Bb5 e6 5. O-O Nge7 6. Ne5 f6 7. Nd3 a6 8. Ba4 b5 9. Bb3 Na5 10. c3 Nxb3 11. axb3 Nc6 12. b4 Bd6 13. Nf4 Bxf4 14. exf4 O-O 15. g4 Bg6 16. Nd2 e5 17. f5 Bf7 18. Nb3 Qd6 19. Be3 Rfe8 20. Qd2 Ne7 21. f4 e4 22. Qg2 Kh8 23. h4 g6 24. fxg6 hxg6 25. Kf2 f5 26. g5 Kg7 1-0

[Event "Jack Taylor mem."]
[Site "Victoria CAN"]
[Date "2017.11.19"]
[Round "4"]
[White "Gansvind, Valeriya"]
[Black "Zhou, Aiden"]
[Result "1-0"]
[WhiteElo "2188"]
[BlackElo "2040"]
[WhiteFideId "-1"]
[WhiteFideId "-1"]
[PlyCount "93"]
[GameId "2160767908300667"]
[EventDate "2017.11.17"]
[EventType "swiss"]
[EventRounds "5"]
[EventCountry "CAN"]
[SourceTitle "EXT 2022"]
[Source "ChessBase"]
[SourceDate "2021.10.06"]
[SourceVersion "1"]
[SourceVersionDate "2021.10.06"]
[SourceQuality "1"]

1. d4 Nf6 2. Nf3 e6 3. e3 c5 4. Bd3 d5 5. b3 Nbd7 6. Bb2 b6 7. Nbd2 Bb7 8. O-O Be7 9. Qe2 O-O 10. c4 Ne4 11. cxd5 Nxd2 12. Nxd2 Bxd5 13. Rfd1 cxd4 14. Bxd4 Bf6 15. Bxf6 Qxf6 16. Be4 Bxe4 17. Nxe4 Qe5 18. Nd6 Nc5 19. Rac1 Rad8 20. Nc4 Qc7 21. Nd2 Qb7 22. Nf3 Qa6 23. Qxa6 Nxa6 24. Nd4 Nb4 25. a3 e5 26. axb4 exd4 27. exd4 Rc8 28. Rc4 Rfd8 29. Kf1 Kf8 30. Ke2 Ke7 31. Kd3 Kd6 32. Rdc1 Rxc4 33. bxc4 Rb8 34. Ra1 Rb7 35. f4 g6 36. d5 a5 37. bxa5 Ra7 38. Kd4 bxa5 39. c5+ Kd7 40. Ra4 f6 41. g4 h5 42. g5 fxg5 43. fxg5 Ra8 44. Ke5 Rf8 45. c6+ Kc8 46. Rxa5 Rf5+ 47. Kd6 1-0

[Event "Jack Taylor mem."]
[Site "Victoria CAN"]
[Date "2017.11.19"]
[Round "4"]
[White "Gu, Chuyang"]
[Black "Schnabel, Bennett"]
[Result "0-1"]
[WhiteElo "1794"]
[BlackElo "2110"]
[WhiteFideId "-1"]
[WhiteFideId "-1"]
[PlyCount "66"]
[GameId "2160767908300668"]
[EventDate "2017.11.17"]
[EventType "swiss"]
[EventRounds "5"]
[EventCountry "CAN"]
[SourceTitle "EXT 2022"]
[Source "ChessBase"]
[SourceDate "2021.10.06"]
[SourceVersion "1"]
[SourceVersionDate "2021.10.06"]
[SourceQuality "1"]

1. e4 c5 2. Nf3 d6 3. d4 cxd4 4. Nxd4 Nf6 5. Nc3 g6 6. Be3 a6 7. f3 Bg7 8. Bc4 Nbd7 9. Qd2 h5 10. Bb3 Ne5 11. O-O-O b5 12. Nd5 Bb7 13. Nxf6+ Bxf6 14. Bg5 Bg7 15. Qb4 Qc7 16. h3 Qc5 17. Qd2 Nc4 18. Bxc4 Qxc4 19. Nb3 Qe6 20. Rhe1 Rc8 21. Kb1 f6 22. Bf4 Kf7 23. Qd3 Qc4 24. Qd2 Ba8 25. c3 Qc7 26. Qd3 Rhd8 27. Bc1 d5 28. Qe2 dxe4 29. fxe4 Rxd1 30. Rxd1 Qe5 31. Rd4 f5 32. g4 Bxe4+ 33. Ka1 Qg3 0-1

[Event "Jack Taylor mem."]
[Site "Victoria CAN"]
[Date "2017.11.19"]
[Round "4"]
[White "McLaren, Brian"]
[Black "Huang, Patrick"]
[Result "1-0"]
[WhiteElo "2148"]
[BlackElo "2067"]
[WhiteFideId "-1"]
[WhiteFideId "-1"]
[PlyCount "69"]
[GameId "2160767908300669"]
[EventDate "2017.11.17"]
[EventType "swiss"]
[EventRounds "5"]
[EventCountry "CAN"]
[SourceTitle "EXT 2022"]
[Source "ChessBase"]
[SourceDate "2021.10.06"]
[SourceVersion "1"]
[SourceVersionDate "2021.10.06"]
[SourceQuality "1"]

1. e4 c5 2. Nc3 d6 3. g3 Nc6 4. Bg2 g6 5. d3 Bg7 6. Be3 Rb8 7. Qd2 b5 8. Nge2 Nd4 9. O-O Nxe2+ 10. Qxe2 b4 11. Nd1 Nf6 12. h3 h5 13. f4 Qc7 14. Rb1 Be6 15. c4 Qc8 16. Nf2 Nd7 17. Rbe1 Nf8 18. Rd1 f5 19. b3 Kf7 20. d4 cxd4 21. Bxd4 Bxd4 22. Rxd4 Nd7 23. Re1 Nc5 24. exf5 gxf5 25. Nd3 Rh6 26. Kh2 Rb6 27. Nxc5 dxc5 28. Rd3 Qh8 29. Re3 Qf6 30. h4 Rd6 31. Re5 a6 32. Bf3 Qg6 33. Rxc5 Kf8 34. Re5 Qf7 35. c5 1-0

[Event "Jack Taylor mem."]
[Site "Victoria CAN"]
[Date "2017.11.19"]
[Round "4"]
[White "Moore, Harry"]
[Black "Kenney, Jason"]
[Result "0-1"]
[WhiteElo "2205"]
[BlackElo "2233"]
[WhiteFideId "-1"]
[WhiteFideId "-1"]
[PlyCount "80"]
[GameId "2160767908300670"]
[EventDate "2017.11.17"]
[EventType "swiss"]
[EventRounds "5"]
[EventCountry "CAN"]
[SourceTitle "EXT 2022"]
[Source "ChessBase"]
[SourceDate "2021.10.06"]
[SourceVersion "1"]
[SourceVersionDate "2021.10.06"]
[SourceQuality "1"]

1. c4 Nf6 2. Nf3 Nc6 3. g3 e5 4. Nc3 d5 5. cxd5 Nxd5 6. d3 Be7 7. Bg2 Be6 8. O-O Nb6 9. a3 O-O 10. b4 Nd4 11. Nxd4 exd4 12. Ne4 a5 13. Bb2 axb4 14. axb4 Bxb4 15. Rxa8 Nxa8 16. Qa4 c5 17. Rc1 b6 18. Qc6 Bd7 19. Qb7 Bg4 20. f3 Be6 21. f4 Qb8 22. Qe7 Re8 23. Qg5 Qd8 24. Qh5 f6 25. Rf1 Nc7 26. g4 Bf7 27. Qh4 Nd5 28. Rf3 f5 29. Ng5 h6 30. Rh3 Nxf4 31. Nxf7 Qxh4 32. Rxh4 Nxg2 33. Kxg2 Rxe2+ 34. Kf3 Re3+ 35. Kf4 Kxf7 36. gxf5 Re2 37. Rg4 Rxb2 38. Rg6 c4 39. dxc4 d3 40. Ke3 d2 0-1

[Event "Jack Taylor mem."]
[Site "Victoria CAN"]
[Date "2017.11.19"]
[Round "4"]
[White "Murray, Mike"]
[Black "O'Brien, Frank"]
[Result "1/2-1/2"]
[WhiteElo "2106"]
[BlackElo "1777"]
[WhiteFideId "-1"]
[WhiteFideId "-1"]
[PlyCount "57"]
[GameId "2160767908300671"]
[EventDate "2017.11.17"]
[EventType "swiss"]
[EventRounds "5"]
[EventCountry "CAN"]
[SourceTitle "EXT 2022"]
[Source "ChessBase"]
[SourceDate "2021.10.06"]
[SourceVersion "1"]
[SourceVersionDate "2021.10.06"]
[SourceQuality "1"]

1. e4 d6 2. Nc3 Nd7 3. f4 Ngf6 4. Nf3 c5 5. d3 Qc7 6. Be2 a6 7. a4 g6 8. O-O Bg7 9. Qe1 b6 10. Bd1 Bb7 11. e5 Nd5 12. e6 fxe6 13. Ng5 Nf8 14. Bf3 Nxc3 15. bxc3 Bxf3 16. Rxf3 Bf6 17. Bd2 Bxg5 18. fxg5 e5 19. d4 cxd4 20. cxd4 exd4 21. Qe4 Rc8 22. c3 d3 23. Rxd3 Nd7 24. Rf1 Nc5 25. Qf3 Nxd3 26. Qxd3 Qc6 27. Be3 Qxc3 28. Qxc3 Rxc3 29. Bd4 1/2-1/2

[Event "Jack Taylor mem."]
[Site "Victoria CAN"]
[Date "2017.11.19"]
[Round "5"]
[White "James, Rowan"]
[Black "Gansvind, Valeriya"]
[Result "0-1"]
[WhiteElo "1884"]
[BlackElo "2188"]
[WhiteFideId "-1"]
[WhiteFideId "-1"]
[PlyCount "98"]
[GameId "2160767908300672"]
[EventDate "2017.11.17"]
[EventType "swiss"]
[EventRounds "5"]
[EventCountry "CAN"]
[SourceTitle "EXT 2022"]
[Source "ChessBase"]
[SourceDate "2021.10.06"]
[SourceVersion "1"]
[SourceVersionDate "2021.10.06"]
[SourceQuality "1"]

1. e4 g6 2. d4 d6 3. Nf3 Bg7 4. Be2 c6 5. O-O Qc7 6. Nbd2 a6 7. b3 Nd7 8. Bb2 c5 9. Rb1 cxd4 10. Nxd4 Ngf6 11. c4 O-O 12. Re1 b6 13. Bf1 Bb7 14. Qc2 Rac8 15. N4f3 Ne8 16. Bxg7 Nxg7 17. Qb2 Ne6 18. Rbd1 Ne5 19. Nxe5 dxe5 20. Nf3 f6 21. Bd3 Rcd8 22. Bb1 Rxd1 23. Rxd1 Rd8 24. Rxd8+ Qxd8 25. Qd2 Nd4 26. Qd3 Qd6 27. Kf1 a5 28. Ke1 Bc6 29. Nd2 Qb4 30. Kd1 Kg7 31. f3 Qc5 32. Ke1 Ne6 33. Kf1 Qa3 34. Kf2 Qb2 35. Ke1 Nd4 36. Kf1 a4 37. h3 Qa3 38. Kf2 Qc5 39. Kf1 Ne6 40. Qc3 Nf4 41. b4 Qd6 42. b5 Bd7 43. Bc2 Qc5 44. Bxa4 Nh5 45. g4 Ng3+ 46. Kg2 Ne2 47. Qa1 Nf4+ 48. Kg3 Qe3 49. Qd1 h5 0-1

[Event "Jack Taylor mem."]
[Site "Victoria CAN"]
[Date "2017.11.19"]
[Round "5"]
[White "Kenney, Jason"]
[Black "Paramonov, Sergey"]
[Result "0-1"]
[WhiteElo "2233"]
[BlackElo "2053"]
[WhiteFideId "-1"]
[WhiteFideId "-1"]
[PlyCount "99"]
[GameId "2160767908300673"]
[EventDate "2017.11.17"]
[EventType "swiss"]
[EventRounds "5"]
[EventCountry "CAN"]
[SourceTitle "EXT 2022"]
[Source "ChessBase"]
[SourceDate "2021.10.06"]
[SourceVersion "1"]
[SourceVersionDate "2021.10.06"]
[SourceQuality "1"]

1. d4 d5 2. c4 c6 3. Nf3 Nf6 4. e3 Bf5 5. Nc3 e6 6. Qb3 Qc7 7. Nh4 Bg6 8. Bd2 Nbd7 9. Rc1 Qb6 10. Qxb6 axb6 11. Nxg6 hxg6 12. Bd3 Bd6 13. h3 O-O 14. cxd5 exd5 15. g4 b5 16. a3 b4 17. axb4 Bxb4 18. Ke2 Nb6 19. Ra1 Rxa1 20. Rxa1 Ra8 21. Rxa8+ Nxa8 22. f3 Nb6 23. e4 Nc4 24. Bxc4 dxc4 25. Na4 Bxd2 26. Kxd2 b5 27. Nc5 Kf8 28. g5 Nh7 29. f4 Ke7 30. Kc3 Kd6 31. Nb7+ Kc7 32. Nc5 Kd6 33. h4 Nf8 34. Nb7+ Kc7 35. Nc5 Ne6 36. Nxe6+ fxe6 37. f5 exf5 38. exf5 Kd6 39. fxg6 Ke6 40. h5 Kf5 41. h6 Kxg6 42. hxg7 Kxg7 43. Kb4 Kg6 44. d5 cxd5 45. Kxb5 Kxg5 46. Kc5 Kf6 47. Kxd5 Ke7 48. Kxc4 Kd7 49. Kb5 Kc8 50. Kb6 0-1

[Event "Jack Taylor mem."]
[Site "Victoria CAN"]
[Date "2017.11.19"]
[Round "5"]
[White "Moore, Harry"]
[Black "McLaren, Brian"]
[Result "1-0"]
[WhiteElo "2205"]
[BlackElo "2148"]
[WhiteFideId "-1"]
[WhiteFideId "-1"]
[PlyCount "125"]
[GameId "2160767908300674"]
[EventDate "2017.11.17"]
[EventType "swiss"]
[EventRounds "5"]
[EventCountry "CAN"]
[SourceTitle "EXT 2022"]
[Source "ChessBase"]
[SourceDate "2021.10.06"]
[SourceVersion "1"]
[SourceVersionDate "2021.10.06"]
[SourceQuality "1"]

1. Nf3 Nf6 2. d4 c5 3. d5 d6 4. Nc3 g6 5. e4 Bg7 6. Bb5+ Bd7 7. a4 O-O 8. O-O a6 9. Bc4 Bg4 10. h3 Bxf3 11. Qxf3 Nbd7 12. Qd1 b6 13. f4 Ne8 14. Qe1 Nc7 15. Qg3 Rb8 16. Qd3 Qc8 17. Ra3 Bd4+ 18. Kh1 Kh8 19. b4 Bg7 20. b5 a5 21. Nd1 Qe8 22. Bb2 Rg8 23. Bxg7+ Rxg7 24. Qd2 f6 25. Rg3 Qg8 26. Ne3 Rf8 27. Be2 Ne8 28. Qd3 h5 29. Nc4 Qh7 30. Qc3 Nc7 31. Nxa5 Ra8 32. Nc6 Rxa4 33. Ra1 Rxa1+ 34. Qxa1 e5 35. dxe6 Nxe6 36. Bc4 Nef8 37. Qd1 f5 38. e5 dxe5 39. fxe5 f4 40. Rd3 Re7 41. Nxe7 Qxe7 42. e6 Nf6 43. Qa1 Kh7 44. Qe5 Ng8 45. Rf3 g5 46. Qf5+ Ng6 47. Rd3 Nf6 48. Qxg5 Kg7 49. Rd1 Ne4 50. Qxe7+ Nxe7 51. Rd7 Kf6 52. Kg1 h4 53. Bd3 Nc3 54. Rd6 Na4 55. Bc4 Nb2 56. Bf1 Na4 57. Bc4 Nb2 58. Ba2 c4 59. Rxb6 Nd5 60. Rc6 Nb4 61. Rxc4 Nxc4 62. Bxc4 Ke7 63. c3 1-0

[Event "Jack Taylor mem."]
[Site "Victoria CAN"]
[Date "2017.11.19"]
[Round "5"]
[White "Richardson, Ross"]
[Black "Murray, Mike"]
[Result "1/2-1/2"]
[WhiteElo "1736"]
[BlackElo "2106"]
[WhiteFideId "-1"]
[WhiteFideId "-1"]
[PlyCount "43"]
[GameId "2160767908300675"]
[EventDate "2017.11.17"]
[EventType "swiss"]
[EventRounds "5"]
[EventCountry "CAN"]
[SourceTitle "EXT 2022"]
[Source "ChessBase"]
[SourceDate "2021.10.06"]
[SourceVersion "1"]
[SourceVersionDate "2021.10.06"]
[SourceQuality "1"]

1. Nf3 Nc6 2. d4 d5 3. Bf4 Bf5 4. c3 e6 5. e3 Bd6 6. Bd3 Bxf4 7. exf4 Bxd3 8. Qxd3 Qd6 9. g3 Nge7 10. Nbd2 f6 11. O-O O-O 12. Rfe1 Rae8 13. Re2 Ng6 14. Rae1 e5 15. dxe5 fxe5 16. fxe5 Ncxe5 17. Nxe5 Rxe5 18. f4 Re7 19. Rxe7 Nxe7 20. Qe3 Nc6 21. Nf3 Rd8 22. Nd4 1/2-1/2

[Event "Jack Taylor mem."]
[Site "Victoria CAN"]
[Date "2017.11.19"]
[Round "5"]
[White "Schnabel, Bennett"]
[Black "Manguerra, Raymond"]
[Result "1-0"]
[WhiteElo "2110"]
[BlackElo "1954"]
[WhiteFideId "-1"]
[WhiteFideId "-1"]
[PlyCount "75"]
[GameId "2160767908300676"]
[EventDate "2017.11.17"]
[EventType "swiss"]
[EventRounds "5"]
[EventCountry "CAN"]
[SourceTitle "EXT 2022"]
[Source "ChessBase"]
[SourceDate "2021.10.06"]
[SourceVersion "1"]
[SourceVersionDate "2021.10.06"]
[SourceQuality "1"]

1. e4 c6 2. Nc3 d5 3. Qe2 dxe4 4. Nxe4 g6 5. d4 Bg7 6. Bf4 Kf8 7. Nf3 Nf6 8. Nxf6 Bxf6 9. Bh6+ Kg8 10. Qd2 Bg7 11. Bc4 Bxh6 12. Qxh6 Qf8 13. Qf4 e6 14. O-O-O Nd7 15. h4 Nb6 16. Bb3 h6 17. Ne5 Kg7 18. h5 g5 19. Qe4 Qe7 20. Rd3 f5 21. Qe2 Qf6 22. Re1 Re8 23. g3 Nd5 24. c4 Nc7 25. Kb1 Rd8 26. g4 Bd7 27. f4 Be8 28. Bc2 Bf7 29. Rf1 Bg8 30. fxg5 hxg5 31. Rb3 Rxd4 32. Rxb7 Rc8 33. gxf5 Bh7 34. Nxc6 Rd6 35. Nxa7 Rcd8 36. Rxc7+ R8d7 37. Rxd7+ Rxd7 38. fxe6 1-0

[Event "John Schleinich mem."]
[Site "Calgary CAN"]
[Date "2017.01.06"]
[Round "1.11"]
[White "Stacey, George"]
[Black "Bin Shoeb, Mashad"]
[Result "0-1"]
[WhiteElo "984"]
[BlackElo "1854"]
[WhiteFideId "-1"]
[WhiteFideId "-1"]
[PlyCount "26"]
[GameId "2160767908474976"]
[EventDate "2017.01.06"]
[EventType "tourn"]
[EventRounds "5"]
[EventCountry "CAN"]
[SourceTitle "EXT 2022"]
[Source "ChessBase"]
[SourceDate "2021.10.06"]
[SourceVersion "1"]
[SourceVersionDate "2021.10.06"]
[SourceQuality "1"]

1. d4 Nf6 2. Bf4 d5 3. e3 c5 4. dxc5 Nc6 5. c3 e5 6. Bg3 Bxc5 7. Nd2 O-O 8. Ngf3 Re8 9. Bb5 Bg4 10. h3 Bh5 11. Be2 d4 12. cxd4 exd4 13. Nxd4 Nxd4 0-1

[Event "Langley op"]
[Site "Langley CAN"]
[Date "2017.09.02"]
[Round "1.1"]
[White "Doknjas, John"]
[Black "Wang, Jerry"]
[Result "1-0"]
[WhiteElo "2270"]
[BlackElo "1364"]
[WhiteFideId "-1"]
[WhiteFideId "-1"]
[PlyCount "121"]
[GameId "2160767908347063"]
[EventDate "2017.09.02"]
[EventType "swiss"]
[EventRounds "6"]
[EventCountry "CAN"]
[SourceTitle "EXT 2022"]
[Source "ChessBase"]
[SourceDate "2021.10.06"]
[SourceVersion "1"]
[SourceVersionDate "2021.10.06"]
[SourceQuality "1"]

1. d4 d5 2. c4 c6 3. Nf3 Nf6 4. Qc2 Bg4 5. Ne5 Bh5 6. cxd5 Qxd5 7. e3 e6 8. Nc3 Qd8 9. h3 Nbd7 10. Nxd7 Qxd7 11. Bd3 Be7 12. O-O O-O 13. f4 Bg6 14. Bxg6 hxg6 15. Rd1 Rac8 16. e4 Rfd8 17. Be3 b6 18. Qf2 Qb7 19. Qf3 Rc7 20. g4 Qc8 21. g5 Ne8 22. Kg2 Nd6 23. Bf2 Rcd7 24. h4 Kf8 25. h5 gxh5 26. Qxh5 Ke8 27. d5 Rc7 28. e5 Nb7 29. d6 Nxd6 30. Qh8+ Bf8 31. Rxd6 Rxd6 32. exd6 Rd7 33. Rd1 c5 34. Qh3 Rxd6 35. Rxd6 Bxd6 36. Ne4 Qc6 37. Qf3 Kd7 38. Nxd6 Kxd6 39. Be1 f6 40. Qxc6+ Kxc6 41. gxf6 gxf6 42. Bc3 f5 43. Kf3 Kd5 44. Ke3 b5 45. Bf6 a5 46. Bd8 a4 47. Bf6 b4 48. b3 axb3 49. axb3 c4 50. bxc4+ Kxc4 51. Kd2 Kc5 52. Be5 Kc4 53. Kc2 Kc5 54. Kb3 Kc6 55. Kxb4 Kb6 56. Bf6 Kc6 57. Kc4 Kd7 58. Kd4 Kd6 59. Bg5 e5+ 60. fxe5+ Ke6 61. Bf4 1-0